Las Disposiciones legales del gobierno costarricense sobre los bienes de los alemanes durante la segunda guerra mundial /
Las autoras investigaron la legislación nacional y regional sobre los bienes de los alemanes intervenidos en Centroamérica durante la Segunda Guerra Mundial, 1943-1945. El artículo presenta el contexto en el ámbito centroamericano, con el estudio de Guatemala y Nicaragua, y el análisis del caso de C...
Gespeichert in:
| 1. Verfasser: | |
|---|---|
| Weitere Verfasser: | |
| Format: | Text |
| Sprache: | Spanish |
| Schlagworte: | |
| Tags: |
Tag hinzufügen
Keine Tags, Fügen Sie den ersten Tag hinzu!
|
MARC
| LEADER | 00000 a a2200000 04500 | ||
|---|---|---|---|
| 001 | 1131 | ||
| 003 | cru IIS | ||
| 005 | 20210812114456.0 | ||
| 008 | 210812b |||||||| |||| 00| 0 spa d | ||
| 040 | |c cru IIS | ||
| 100 | 1 | |a Peters Solórzano, Gertrud | |
| 245 | 1 | 4 | |a Las Disposiciones legales del gobierno costarricense sobre los bienes de los alemanes durante la segunda guerra mundial / |c Gertrud Peters Solórzano |
| 500 | |a Resumen también en inglés | ||
| 500 | |a Colección Centroamérica | ||
| 520 | |a Las autoras investigaron la legislación nacional y regional sobre los bienes de los alemanes intervenidos en Centroamérica durante la Segunda Guerra Mundial, 1943-1945. El artículo presenta el contexto en el ámbito centroamericano, con el estudio de Guatemala y Nicaragua, y el análisis del caso de Costa Rica con mayor detalle | ||
| 650 | |a ALEMANES | ||
| 650 | |a ITALIANOS | ||
| 650 | |a JAPONESES | ||
| 650 | |a DERECHOS CIVILES | ||
| 650 | |a LEGISLACION | ||
| 650 | |a HISTORIA | ||
| 700 | |a Torres Hernández, Margarita | ||
| 773 | |g volumen 28, número 1 -2; páginas 137-159 | ||
| 773 | 0 | |0 18765 |9 5848 |a Universidad de Costa Rica. |d San José, Costa Rica: Editorial Universidad de Costa Rica, 1974- |o 21443 |t Anuario de Estudios Centroamericanos / |x 03777316 | |
| 942 | |2 ddc |c PP | ||
| 999 | |c 23078 |d 23078 | ||
